[Event "Bicaz City Cup"]
[Site "Bicaz"]
[Date "2020.03.06"]
[Round "2"]
[White "Madin, Ovidiu"]
[Black "Lupu, Ovidiu"]
[Result "0-1"]
[WhiteElo "1687"]
[BlackElo "2009"]
[PlyCount "22"]
[EventDate "2020.03.05"]
[EventType "swiss"]
[EventRounds "7"]
[EventCountry "ROU"]
[SourceTitle "CBM 195 Extra"]
[Source "ChessBase"]
[SourceDate "2020.05.31"]
[SourceVersion "1"]
[SourceVersionDate "2020.05.31"]
[SourceQuality "1"]

1. e4 c5 2. Nf3 d6 3. b3 Nf6 4. e5 dxe5 5. Nxe5 a6 6. Bb2 Nbd7 7. g3 Nxe5 8. Bxe5 Qd5 9. Bxf6 gxf6 10. Rg1 Qe5+ 11. Qe2 Qxa1 0-1